| 000 | 00530nam a22001697a 4500 | ||
|---|---|---|---|
| 999 |
_c30902 _d30902 |
||
| 008 | 210127b ||||| |||| 00| 0 eng d | ||
| 020 | _a9780195391053 | ||
| 050 | _aHB 139 .D38 2009 | ||
| 100 | _aDavidson,Russell. | ||
| 245 |
_aEconometric theory and methods/ _cRussell Davidson. |
||
| 260 |
_aNewYork: _bOxford university press, _cc2009. |
||
| 300 |
_avii,750p.: _bill,; _c24cm |
||
| 504 | _aIncludes index | ||
| 650 | _aEconometric. | ||
| 710 | _aMackinnon,James G. | ||
| 942 |
_2lcc _cBOOKS _hHB 139 .D38 2009 |
||